| 000 | 00427 a2200133 4500 | ||
|---|---|---|---|
| 001 | ART_15467 | ||
| 005 | 20260410161615.0 | ||
| 008 | 260409a | ||
| 245 | 1 | 0 | _aCompetir contra lo gratis |
| 100 | 1 | _aBryce, David J. | |
| 700 | 1 | _aHatch, Nile W. | |
| 700 | 1 | _aDyer, Jeffrey H. | |
| 773 | 0 |
_tHarvard Business Review _gCómo los grandes líderes impulsan la innovación - Vol. 89, Nº 5 (jun. 2011) _wREV340 |
|
| 999 |
_c11027 _d11027 |
||